000 00624nam a2200277Ia 4500
001 Z_3215
003 CHAP
008 220113s1996 xx 000 0 und d
010 _a166323
040 _cCHAP
082 _a860 C6
100 _aCortázar, Julio
_9140410
245 _aHistorias de cronopios y de famas /
_cpor Julio Cortázar
260 _aMéxico, D. F. :
_bAlfaguara,
_c1996
300 _a141 p.
440 _a
500 _a
503 _aC/E
650 _aLitertura argentina I. t.
_9140411
901 _a860 C6
902 _aA
910 _a1996
942 _c1
942 _cc1
999 _c166323
_d166323